KOHA-Header-6

Database Management Systems (Record no. 7898)

000 -LEADER
fixed length control field 00227nam a2200109Ia 4500
020 ## - INTERNATIONAL STANDARD BOOK NUMBER
ISBN 978-8182092228
100 ## - MAIN ENTRY--AUTHOR NAME
Personal name Leon, Leon
245 #0 - TITLE STATEMENT
Title Database Management Systems
260 ## - PUBLICATION, DISTRIBUTION, ETC. (IMPRINT)
Place of publication India
Name of publisher BPB
Year of publication 1999
300 ## - PHYSICAL DESCRIPTION
Number of Pages 988
942 ## - ADDED ENTRY ELEMENTS (KOHA)
Koha item type Books
Holdings
Withdrawn status Lost status Collection code Permanent Location Current Location Shelving location Date acquired Full call number Accession Number Koha item type
    Database Systems MAJU MAJU Shelf No.B19 2019-09-12 005.2 2202 Computer Science

Powered by Koha